Leader xxxxxxxxxx
001 __ PCLIS00047770
005 __ 20220613091535.0
010 0_ |a978-957-444-869-2|b平裝|dNT$380
100 __ |a20141210d2013 m y0chiy09 e
101 0_ |achi
102 __ |atw
105 __ |ac z 000cd
200 1_ |a九歌...散文選|h101年|f隱地主編
205 __ |a初版
210 __ |a臺北市|c九歌|d2013(民102)
215 0_ |a413面|c像|d21公分
225 1_ |a九歌文庫|v1128
300 __ |a版權頁及封面英文題名: Collected essays 2012
300 __ |a主編隱地本名柯青華
300 __ |a作者號取自題名
300 __ |a附錄: 一○一年度散文紀事 / 杜秀卿
306 __ |a2013年4印
500 11 |a九歌散文選|m中文
512 11 |a散文|e九歌一○一年散文選|zchi
517 1_ |aCollected essays 2012|zeng
517 1_ |a九歌101年散文選|zchi
517 1_ |a九歌一○一年散文選|zchi
606 __ |2cst|a散文
681 __ |a855|b8677
681 __ |a855|b835
702 _0 |a隱地|f1937- |4主編
801 _0 |atw|b內湖高中|c20141210|gCCR
|